Optimizing human learning / (Record no. 136166)

MARC details
000 -LEADER
fixed length control field 00830nam a22002417a 4500
010 ## - LIBRARY OF CONGRESS CONTROL NUMBER
LC control number A-682420
020 ## - INTERNATIONAL STANDARD BOOK NUMBER
International Standard Book Number 8185420432
Terms of availability 400.00
035 ## - SYSTEM CONTROL NUMBER
System control number A-682420
037 ## - SOURCE OF ACQUISITION
Stock number Cen Lib/Ret
040 ## - CATALOGING SOURCE
Original cataloging agency DPL
Language of cataloging EN
082 ## - DEWEY DECIMAL CLASSIFICATION NUMBER
Classification number 370
Item number OPT
245 ## - TITLE STATEMENT
Title Optimizing human learning /
Statement of responsibility, etc edited by Marmar Mukhopadhyay, Jirija Mohd. Miyan [and] Madhu Parhar
260 ## - PUBLICATION, DISTRIBUTION, ETC. (IMPRINT)
Place of publication, distribution, etc New Delhi
Name of publisher, distributor, etc Amar Prakashan
Date of publication, distribution, etc 1993
270 ## - ADDRESS
Address M.S. Juneja Amar Prakashan A-1/139B, Lawrence Road
City New Delhi
Postal code 110035
300 ## - PHYSICAL DESCRIPTION
Extent 257p ;
Other physical details 24cm
490 ## - SERIES STATEMENT
Series statement Trends in educational and training technology
Volume number/sequential designation 2
650 ## - SUBJECT ADDED ENTRY--TOPICAL TERM
Topical term or geographic name as entry element Education technology
9 (RLIN) 112622
650 ## - SUBJECT ADDED ENTRY--TOPICAL TERM
Topical term or geographic name as entry element Distance education
9 (RLIN) 7875
700 ## - ADDED ENTRY--PERSONAL NAME
Personal name Mukhopadhyay, Marmar
9 (RLIN) 20574
700 ## - ADDED ENTRY--PERSONAL NAME
Personal name Miyan, Girija Mohd.
9 (RLIN) 112623
700 ## - ADDED ENTRY--PERSONAL NAME
Personal name Parhar, Madhu
9 (RLIN) 112624
942 ## - ADDED ENTRY ELEMENTS (KOHA)
Source of classification or shelving scheme Dewey Decimal Classification
Koha item type English Books
Classification part 370
Call number suffix OPT
Holdings
Withdrawn status Lost status Damaged status Not for loan Home library Current library Date acquired Source of acquisition Cost, normal purchase price Total Checkouts Full call number Barcode Date last seen Copy number Cost, replacement price Price effective from Koha item type Public note
Written off       Central Library Central Library 22/12/2015 Cen Lib/Ret 400.00   370 OPT A-682420 22/12/2015 1 400.00 22/12/2015 English Books W/d List No. 6887/25 ; dtd 09/09/2020

© Delhi Public Library
Hit Counter
free hit counter